000 01654nam2a22003491 4500
001 v19\rc\1835715
005 20251118180046.4
035 _a(NLR Aleph) 004940482
090 _a5775844
_c5775844
100 _a20071224d1916 |||y0rusy50 ca
101 0 _arus
102 _aRU
105 _aa z |||||
200 1 _aЧемреки
_eОтветвление Старого Израиля
_fВступ. ст., заметки и примеч. Владимира Бонч-Бруевича
210 _d1916
215 _a[2], XXVIII, 705 с., 13 л. ил.
461 0 _1001v19\rc\1835709
_12001#$aМатериалы к истории и изучению русского сектантства и раскола$fПод ред. [и с предисл.] Владимира Бонч-Бруевича. Вып. 1-$vВып. 7
_95775788
_cСанкт-Петербург
_d1908-1916
_fПод ред. [и с предисл.] Владимира Бонч-Бруевича. Вып. 1-
_nтип. Б.М. Вольфа
_tМатериалы к истории и изучению русского сектантства и раскола
_vВып. 7
702 1 _6z04790
_aБонч-Бруевич
_bВ. Д.
_f1873-1936
_gВладимир Дмитриевич
_4080
_4212
790 1 _6z04702
_aБруевич
_bВ. Д.
_f1873-1936
801 0 _aRU
_bNLR
_gpsbo
801 0 _aRU
_bRuMoRGB
_2psbo
801 1 _aRU
_bProSoft-M
_2rusmarc
852 _aNLR
_j52/662
852 _aNLR
_j37.2.7.45(7)
899 _aRuMoRGB
_jU 7/210
899 _aRuMoRGB
_jR 90/46
899 _aБАН
899 _aНБ СПбГУ
899 _aНБ МГУ
942 _cBOOK
980 _aNB